zpět

Detail výsledku týmu

Spirit Bar - Žižkov, Praha

Datum a čas kvízu

16 Celkem bodů Celkový počet nahraných bodů na tomto kvízu bez doplňovacích otázek.
9. Pořadí na kvízu Konečné umístění týmu na tomto kvízu.

Zaznamenané odpovědi

# Otázka Odpověď Body Výsledky
1. Nejsledovanějším, nejprestižně... Jedlovou 0
2. K oslavám Díkůvzdání, které pr... milost (život) 1
3. Která televizní stanice letos... TV Seznam 0
4. Která automobilka představila... Škoda Auto 0
5. V sobotu začala nová biatlonov... v Östersundu 0
6. Seřaďte tyto ostrovy dle rozlo... 1D 2B 3A 4C 1
7. Nyní přiřaďte ostrovy ke států... 1A 2C 3B 4D 0
8. Kterému ostrovnímu středomořsk... Kypr 0
9. Nyní si odskočíme ke kinematog... Řek Zorba, Anthony Quinn 0
10. Ke kterému středomořskému ostr... Elba 1